000
00410nam a2200145Ia 4500
008
100122s9999 xx 000 0 und d
082
_b
25497
_a
637.1
100
_a
देवरे प्र अ
245
_a
संकरित गाय
260
_b
के.वा.जोशी
_c
1977
300
_a
140
630
_a
संकरित गाय
730
_a
संकरित गाय
942
_c
BOOK
999
_c
412246
_d
412243